[Event "Wch-ch U10 Girls rapid"]
[Site "Minsk"]
[Date "2019.08.17"]
[Round "5"]
[White "Mai, Hieu Linh"]
[Black "Mutina, Sofia"]
[Result "1/2-1/2"]
[WhiteElo "1369"]
[BlackElo "1471"]
[PlyCount "65"]
[EventDate "2019.08.16"]
[EventType "swiss (rapid)"]
[EventRounds "9"]
[EventCountry "BLR"]
[SourceTitle "EXT 2020"]
[Source "ChessBase"]
[SourceDate "2019.10.17"]
[SourceVersion "1"]
[SourceVersionDate "2019.10.17"]
[SourceQuality "1"]

1. e4 e6 2. d4 d5 3. Nd2 c5 4. exd5 Qxd5 5. dxc5 Bxc5 6. Ngf3 Nf6 7. Bc4 Qd6 8. 0-0 0-0 9. Nb3 Rd8 10. Bf4 Qb6 11. Qe2 Nc6 12. Rad1 Bd7 13. Nxc5 Qxc5 14. Ne5 Be8 15. Nxc6 Bxc6 16. Be3 Qb4 17. c3 Qe7 18. h3 Qc7 19. Rxd8+ Rxd8 20. Rd1 Rxd1+ 21. Qxd1 h6 22. Qd4 e5 23. Qxa7 Bxg2 24. Kxg2 Qxc4 25. Qxb7 Qxa2 26. Qb8+ Kh7 27. Qxe5 Qxb2 28. Qf5+ Kh8 29. Qc8+ Kh7 30. Qf5+ Kh8 31. Qc8+ Kh7 32. Qf5+ Kh8 33. Qc8+ 1/2-1/2

[Event "Wch-ch U10 Girls rapid"]
[Site "Minsk"]
[Date "2019.08.17"]
[Round "6"]
[White "Mutina, Sofia"]
[Black "Liashkevich, Lizaveta"]
[Result "1/2-1/2"]
[WhiteElo "1471"]
[BlackElo "1299"]
[PlyCount "144"]
[EventDate "2019.08.16"]
[EventType "swiss (rapid)"]
[EventRounds "9"]
[EventCountry "BLR"]
[SourceTitle "EXT 2020"]
[Source "ChessBase"]
[SourceDate "2019.10.17"]
[SourceVersion "1"]
[SourceVersionDate "2019.10.17"]
[SourceQuality "1"]

1. b3 e5 2. e3 d5 3. Bb2 Bd6 4. f4 f6 5. fxe5 Bxe5 6. Bxe5 fxe5 7. Qh5+ Kf8 8. Qxe5 Nf6 9. Be2 Nc6 10. Qf4 Ke7 11. Nf3 Rf8 12. 0-0 Kf7 13. Qh4 Kg8 14. Nc3 Bd7 15. Bd3 Be8 16. Ng5 h6 17. Ne6 Qd6 18. Nxf8 Kxf8 19. Rxf6+ gxf6 20. Qxh6+ Ke7 21. Rf1 Bf7 22. Nb5 Qe5 23. Bf5 d4 24. Nxd4 Nxd4 25. exd4 Qxd4+ 26. Kh1 Re8 27. Qe3+ Qxe3 28. dxe3 Kd6 29. Rd1+ Ke5 30. e4 Be6 31. Bxe6 Kxe6 32. Kg1 Re7 33. Kf2 Kf7 34. Kf3 Ke8 35. Kf4 Re5 36. Rd5 Re6 37. e5 Rc6 38. c4 Ra6 39. a4 Rb6 40. Rb5 fxe5+ 41. Rxe5+ Kd7 42. Re3 c6 43. c5 Rb4+ 44. Kf3 Rh4 45. Kg3 Rh5 46. Rc3 Rd5 47. h4 Ke6 48. Kh3 Kf5 49. g4+ Kg6 50. Kg3 a5 51. Kf3 Rd4 52. Kg3 Rd5 53. Kf3 Rd4 54. Kg3 Rd5 55. g5 Kh5 56. Kf4 Kxh4 57. Rc1 Kh5 58. Rc3 Rxg5 59. Rc4 Rd5 60. Re4 Rxc5 61. Re5+ Rxe5 62. Kxe5 b5 63. Kd6 bxa4 64. bxa4 Kg6 65. Kxc6 Kf6 66. Kb5 Ke7 67. Kxa5 Kd8 68. Kb6 Kc8 69. Ka7 Kc7 70. a5 Kc8 71. Kb6 Kb8 72. a6 Ka8 1/2-1/2

[Event "Chigorin Memorial 26th"]
[Site "St Petersburg"]
[Date "2018.11.03"]
[Round "8"]
[White "Mutina, Sofia"]
[Black "Chagina, Ulyana"]
[Result "0-1"]
[WhiteElo "1441"]
[BlackElo "1727"]
[PlyCount "124"]
[EventDate "2018.10.27"]
[EventType "swiss"]
[EventRounds "9"]
[EventCountry "RUS"]
[SourceTitle "CBM 187 Extra"]
[Source "ChessBase"]
[SourceDate "2018.11.04"]
[SourceVersion "1"]
[SourceVersionDate "2018.11.04"]
[SourceQuality "1"]

1. b3 e5 2. Bb2 Nc6 3. e3 Nf6 4. Bb5 Bd6 5. Na3 Na5 6. Nf3 a6 7. Be2 Qe7 8. Nc4 Nxc4 9. bxc4 b6 10. 0-0 0-0 11. d4 exd4 12. exd4 Bb7 13. Rb1 Rab8 14. Bd3 Ne4 15. Re1 f5 16. d5 Rbe8 17. Bd4 Bc5 18. c3 Qd6 19. Qc2 Bxd4 20. cxd4 Qf4 21. Ne5 d6 22. g3 Qh6 23. Bxe4 fxe4 24. Ng4 Qg6 25. Ne3 Bc8 26. Re2 Bh3 27. Rbe1 Qf6 28. Qd1 Re7 29. Rd2 Qg6 30. Qb3 Ref7 31. Nf1 Rf3 32. Re3 Rxf2 33. Rxf2 Rxf2 34. Kxf2 Qf6+ 35. Ke1 Qxf1+ 36. Kd2 Qf2+ 37. Kc1 Qxh2 38. c5 Qg1+ 39. Kb2 Qf2+ 40. Ka3 Bg2 41. Qc3 dxc5 42. dxc5 Qf8 43. Kb4 a5+ 44. Kb5 Bf1+ 45. Ka4 Qe8+ 46. c6 b5+ 47. Kb3 Bc4+ 48. Kb2 Bxd5 49. Qxa5 Qxc6 50. Rc3 Bc4 51. a4 Qd5 52. Qxc7 Qd2+ 53. Rc2 Qb4+ 54. Kc1 Qa3+ 55. Rb2 Qa1+ 56. Rb1 Qc3+ 57. Kd1 Be2+ 58. Kxe2 Qxc7 59. Rxb5 Qc4+ 60. Kf2 Qxa4 61. Rb8+ Kf7 62. Rb7+ Kg6 0-1

[Event "Chigorin Memorial 26th"]
[Site "St Petersburg"]
[Date "2018.10.30"]
[Round "4"]
[White "Mutina, Sofia"]
[Black "Protasova, Anastasia"]
[Result "0-1"]
[WhiteElo "1441"]
[BlackElo "1974"]
[PlyCount "112"]
[EventDate "2018.10.27"]
[EventType "swiss"]
[EventRounds "9"]
[EventCountry "RUS"]
[SourceTitle "CBM 187 Extra"]
[Source "ChessBase"]
[SourceDate "2018.11.04"]
[SourceVersion "1"]
[SourceVersionDate "2018.11.04"]
[SourceQuality "1"]

1. b3 d5 2. Bb2 Bf5 3. Nf3 e6 4. e3 Nf6 5. Ne5 Nbd7 6. f4 Nxe5 7. Bxe5 Bd6 8. Bb2 Qe7 9. Be2 Ne4 10. 0-0 f6 11. d3 Nc5 12. Nd2 Rg8 13. Nf3 Bg4 14. Nd4 Bxe2 15. Qxe2 0-0-0 16. b4 Na4 17. c3 Nxb2 18. Qxb2 f5 19. Nb5 a6 20. Nxd6+ Rxd6 21. a4 g5 22. Qe2 e5 23. fxe5 Qxe5 24. d4 Qe6 25. Qf2 Rf8 26. Qg3 h6 27. Rf3 Rc6 28. Qe1 Re8 29. Rc1 f4 30. Kf2 Qf6 31. Kg1 Rce6 32. Qd2 Rxe3 33. Rxe3 Rxe3 34. Re1 Re6 35. Rf1 Qe7 36. Qd3 c6 37. b5 axb5 38. axb5 Re3 39. Qf5+ Kc7 40. bxc6 bxc6 41. Qc2 Re2 42. Qc1 Qe4 43. Rf2 Re1+ 44. Qxe1 Qxe1+ 45. Rf1 Qe3+ 46. Kh1 Qxc3 47. Rd1 f3 48. g3 Qc2 49. Rg1 f2 50. Kg2 fxg1R+ 51. Kxg1 c5 52. Kf1 cxd4 53. Kg1 d3 54. Kf1 Qe2+ 55. Kg1 d2 56. h4 d1R# 0-1

[Event "Chigorin Memorial 26th"]
[Site "St Petersburg"]
[Date "2018.10.29"]
[Round "3"]
[White "Bunin, Serafim"]
[Black "Mutina, Sofia"]
[Result "0-1"]
[WhiteElo "1876"]
[BlackElo "1441"]
[PlyCount "126"]
[EventDate "2018.10.27"]
[EventType "swiss"]
[EventRounds "9"]
[EventCountry "RUS"]
[SourceTitle "CBM 187 Extra"]
[Source "ChessBase"]
[SourceDate "2018.11.04"]
[SourceVersion "1"]
[SourceVersionDate "2018.11.04"]
[SourceQuality "1"]

1. e4 e6 2. d3 d5 3. Nd2 b6 4. Ngf3 Bb7 5. g3 Nf6 6. e5 Nfd7 7. Bg2 c5 8. 0-0 Nc6 9. Re1 Qc7 10. Qe2 Be7 11. Nf1 0-0-0 12. Bf4 Rdg8 13. h4 h6 14. g4 g5 15. hxg5 Bxg5 16. Nxg5 hxg5 17. Bg3 Rg6 18. c3 Qd8 19. Nd2 Qg8 20. f3 Rgh6 21. Rac1 Qh7 22. d4 Kd8 23. Qe3 Rg6 24. Kf2 Qg7 25. Rh1 Rgh6 26. Rxh6 Rxh6 27. Nb3 c4 28. Nd2 Ke8 29. b3 b5 30. a4 a6 31. axb5 axb5 32. bxc4 bxc4 33. Rb1 Bc8 34. Ra1 Nd8 35. f4 gxf4 36. Bxf4 Rh8 37. Bg5 Rg8 38. Nf3 Qg6 39. Ra8 Nb6 40. Ra7 Qc2+ 41. Kg3 Nc6 42. Rc7 Bd7 43. Rb7 Qb3 44. Qf4 Qb5 45. Qf6 Qa5 46. Rc7 Nc8 47. Rxd7 Kxd7 48. Qxf7+ N8e7 49. Bf6 Qxc3 50. g5 Re8 51. Bh3 Nd8 52. Qh7 Qb2 53. Bf1 Ndc6 54. Qf7 c3 55. Bd3 c2 56. Bf5 exf5 57. e6+ Kd8 58. g6 c1Q 59. g7 f4+ 60. Kh4 Qh1+ 61. Kg4 Qbg2+ 62. Kxf4 Qxf3+ 63. Kg5 Qf5# 0-1

[Event "EU-ch U10 Girls 28th"]
[Site "Riga"]
[Date "2018.08.29"]
[Round "9"]
[White "Maria, Lia Alexandra"]
[Black "Mutina, Sofia"]
[Result "0-1"]
[WhiteElo "1576"]
[BlackElo "1319"]
[PlyCount "62"]
[EventDate "2018.08.20"]
[EventType "swiss"]
[EventRounds "9"]
[EventCountry "LAT"]
[SourceTitle "CBM 186 Extra"]
[Source "ChessBase"]
[SourceDate "2018.08.24"]
[SourceVersion "1"]
[SourceVersionDate "2018.08.24"]
[SourceQuality "1"]

1. d4 Nf6 2. Nf3 d5 3. c4 e6 4. Nc3 Be7 5. Bf4 0-0 6. e3 b6 7. Be2 Bb7 8. 0-0 Nbd7 9. Rc1 c5 10. cxd5 Nxd5 11. Nxd5 Bxd5 12. dxc5 Bxc5 13. a3 a5 14. Bb5 Qe7 15. e4 Bxe4 16. Qxd7 Qf6 17. Be5 Qg6 18. Bc6 Rad8 19. Bxe4 Qxe4 20. Qb5 Rd5 21. Qb3 a4 22. Qc2 Rxe5 23. Nxe5 Qxe5 24. Rfe1 Qf6 25. Re2 Rc8 26. Qd1 Qf4 27. Rcc2 g6 28. Qe1 Kg7 29. Re4 Qf5 30. Qe2 Rd8 31. Qe1 Qxe4 0-1

[Event "EU-ch U10 Girls 28th"]
[Site "Riga"]
[Date "2018.08.26"]
[Round "6"]
[White "Svergina, Sofya"]
[Black "Mutina, Sofia"]
[Result "1-0"]
[WhiteElo "1657"]
[BlackElo "1319"]
[PlyCount "81"]
[EventDate "2018.08.20"]
[EventType "swiss"]
[EventRounds "9"]
[EventCountry "LAT"]
[SourceTitle "CBM 186 Extra"]
[Source "ChessBase"]
[SourceDate "2018.08.24"]
[SourceVersion "1"]
[SourceVersionDate "2018.08.24"]
[SourceQuality "1"]

1. e4 c6 2. d4 d5 3. Nc3 h6 4. Nf3 Nf6 5. e5 Ne4 6. Bd3 Nxc3 7. bxc3 Bg4 8. h3 Bxf3 9. Qxf3 e6 10. Bd2 c5 11. Bb5+ Nd7 12. 0-0 a6 13. Bxd7+ Qxd7 14. Qe2 c4 15. f4 Be7 16. Qf2 0-0 17. Qg3 Kh7 18. a4 b5 19. a5 Bd8 20. Qf3 Bc7 21. Ra2 Qd8 22. f5 f6 23. Qg4 exf5 24. Qxf5+ Kh8 25. e6 Bd6 26. Bf4 Bxf4 27. Rxf4 Ra7 28. Qh5 Kh7 29. Qf3 Re7 30. Rf5 Rxe6 31. Rxd5 Qe7 32. Qf5+ g6 33. Qf4 Rc8 34. Ra1 Rcc6 35. Qb8 Qe8 36. Rd8 Qf7 37. d5 g5 38. Rh8+ Kg7 39. dxc6 Rxc6 40. Re1 Rc5 41. Re7 1-0

[Event "EU-ch U10 Girls 28th"]
[Site "Riga"]
[Date "2018.08.24"]
[Round "5"]
[White "Papadopoulou, Marilena"]
[Black "Mutina, Sofia"]
[Result "0-1"]
[WhiteElo "1259"]
[BlackElo "1319"]
[PlyCount "43"]
[EventDate "2018.08.20"]
[EventType "swiss"]
[EventRounds "9"]
[EventCountry "LAT"]
[SourceTitle "CBM 186 Extra"]
[Source "ChessBase"]
[SourceDate "2018.08.24"]
[SourceVersion "1"]
[SourceVersionDate "2018.08.24"]
[SourceQuality "1"]

1. e4 e6 2. d4 d5 3. Nc3 Bb4 4. e5 c5 5. f4 cxd4 6. Qxd4 Qa5 7. Nf3 Nc6 8. Qd3 Bc5 9. Bd2 Qd8 10. 0-0-0 a6 11. a4 b5 12. f5 Nge7 13. f6 gxf6 14. exf6 Ng6 15. g4 Nge5 16. Nxe5 Nxe5 17. Qh3 Bb7 18. Bg2 Qd7 19. Bf4 Ng6 20. Bg3 0-0-0 21. Rd3 b4 22. Ne4 0-1

[Event "EU-ch U10 Girls 28th"]
[Site "Riga"]
[Date "2018.08.22"]
[Round "3"]
[White "Barkasheva, Sofia"]
[Black "Mutina, Sofia"]
[Result "0-1"]
[WhiteElo "1019"]
[BlackElo "1319"]
[PlyCount "53"]
[EventDate "2018.08.20"]
[EventType "swiss"]
[EventRounds "9"]
[EventCountry "LAT"]
[SourceTitle "CBM 186 Extra"]
[Source "ChessBase"]
[SourceDate "2018.08.24"]
[SourceVersion "1"]
[SourceVersionDate "2018.08.24"]
[SourceQuality "1"]

1. e4 e6 2. Qe2 c5 3. Nf3 Nc6 4. g3 Nf6 5. Bg2 d5 6. d3 b6 7. 0-0 Ba6 8. e5 Nd7 9. c4 Nb4 10. a3 Nxd3 11. Qxd3 Bxc4 12. Qd1 Bxf1 13. Qxf1 Be7 14. Nc3 Rc8 15. Bf4 g5 16. Bd2 g4 17. Ne1 Nxe5 18. Qe2 Nc4 19. Bf4 h5 20. b3 Na5 21. Qc2 c4 22. b4 Nb3 23. Rd1 d4 24. Bb7 Rc7 25. Bxc7 Qxc7 26. Nb5 Qxb7 27. Qxc4 0-1

[Event "EU-ch U10 Girls 28th"]
[Site "Riga"]
[Date "2018.08.21"]
[Round "2"]
[White "Chekhani, Anna"]
[Black "Mutina, Sofia"]
[Result "0-1"]
[WhiteElo "1267"]
[BlackElo "1319"]
[PlyCount "48"]
[EventDate "2018.08.20"]
[EventType "swiss"]
[EventRounds "9"]
[EventCountry "LAT"]
[SourceTitle "CBM 186 Extra"]
[Source "ChessBase"]
[SourceDate "2018.08.24"]
[SourceVersion "1"]
[SourceVersionDate "2018.08.24"]
[SourceQuality "1"]

1. b3 e5 2. Bb2 Nc6 3. e3 d5 4. Bb5 Bd6 5. f4 f6 6. Qh5+ g6 7. Qh4 exf4 8. exf4 Qe7+ 9. Ne2 Bd7 10. 0-0 0-0-0 11. Nbc3 Qf7 12. Bxc6 Bxc6 13. Qh3+ Kb8 14. Qd3 Ne7 15. Nd4 Bc5 16. Na4 Bxa4 17. bxa4 Nc6 18. Kh1 Bxd4 19. Bxd4 Nxd4 20. Qxd4 Rhe8 21. d3 Re7 22. Rfe1 Rde8 23. Qf2 Re6 24. Kg1 Qd7 0-1

[Event "Wch U10 Girls blitz"]
[Site "Minsk"]
[Date "2018.06.24"]
[Round "3"]
[White "Mizerova, Yana"]
[Black "Mutina, Sofia"]
[Result "0-1"]
[WhiteElo "1285"]
[BlackElo "1472"]
[PlyCount "90"]
[EventDate "2018.06.24"]
[EventType "swiss (blitz)"]
[EventRounds "9"]
[EventCountry "BLR"]
[SourceTitle "EXT 2019"]
[Source "ChessBase"]
[SourceDate "2018.10.10"]
[SourceVersion "1"]
[SourceVersionDate "2018.10.10"]
[SourceQuality "1"]

1. d4 d5 2. c4 e6 3. Nc3 Nf6 4. cxd5 exd5 5. Nf3 Be7 6. Bf4 0-0 7. e3 b6 8. Bd3 Bb7 9. Qc2 Nbd7 10. Ne5 c5 11. Bf5 h6 12. 0-0 Nxe5 13. Bxe5 Bd6 14. Qe2 Re8 15. Bxd6 Qxd6 16. Qf3 Ne4 17. Nxe4 dxe4 18. Qg3 Qxg3 19. fxg3 cxd4 20. exd4 Ba6 21. Rfe1 Bd3 22. Kf2 Rad8 23. Ke3 g6 24. Bg4 f5 25. Be2 Bxe2 26. Rxe2 Re6 27. Rd1 Rc6 28. Red2 Rdc8 29. Kf4 Kf7 30. g4 Kf6 31. gxf5 gxf5 32. Rf1 Re6 33. Ke3 Kg5 34. Rdf2 Rf8 35. h3 h5 36. Rf4 h4 37. R4f2 Rc6 38. Kd2 f4 39. Re2 e3+ 40. Kd3 Rd8 41. Ke4 Re6+ 42. Kd3 Red6 43. Kc3 Rxd4 44. Ree1 Rd3+ 45. Kb4 Rd2 0-1

[Event "Wch U10 Girls blitz"]
[Site "Minsk"]
[Date "2018.06.24"]
[Round "9"]
[White "Mutina, Sofia"]
[Black "Nguyen, Thu An"]
[Result "0-1"]
[WhiteElo "1472"]
[BlackElo "1098"]
[PlyCount "86"]
[EventDate "2018.06.24"]
[EventType "swiss (blitz)"]
[EventRounds "9"]
[EventCountry "BLR"]
[SourceTitle "EXT 2019"]
[Source "ChessBase"]
[SourceDate "2018.10.10"]
[SourceVersion "1"]
[SourceVersionDate "2018.10.10"]
[SourceQuality "1"]

1. b3 Nf6 2. Bb2 g6 3. c4 Bg7 4. d4 d5 5. cxd5 Nxd5 6. e4 Nf6 7. Nc3 0-0 8. f3 c6 9. Bc4 Nbd7 10. Nge2 Nb6 11. 0-0 Qc7 12. Rc1 Bd7 13. Bd3 Rad8 14. Ba3 Rfe8 15. d5 Qb8 16. dxc6 Bxc6 17. Qc2 e6 18. Rcd1 Rc8 19. Bb2 Red8 20. Qb1 Nbd7 21. Bc1 a6 22. Bf4 Qa7+ 23. Kh1 Nc5 24. Be3 b6 25. b4 Nxd3 26. Rxd3 Rxd3 27. Qxd3 Qa8 28. Bxb6 Qb7 29. Bc5 Qc7 30. Rd1 Nd7 31. Bd6 Qb6 32. a3 Ne5 33. Bxe5 Bxe5 34. f4 Bg7 35. Nd4 Rd8 36. Nce2 Bb5 37. Qf3 Bxe2 38. Qxe2 Rxd4 39. Rc1 Rd8 40. Rc5 Bd4 41. Rc1 Be3 42. Rf1 Bd4 43. Rc1 Qb7 0-1